| 000 | 00643nam a22002057a 4500 | ||
|---|---|---|---|
| 999 |
_c16086 _d16086 |
||
| 003 | AR-CdUCM | ||
| 008 | 190502b ||||| |||| 00| 0 spa d | ||
| 040 |
_aMUNICIPALIDAD PROVINCIAL DEL CUSCO _cBIBLIOTECA MUNICIPAL DEL CUSCO |
||
| 082 |
_aPI / 372.4 / _bM26 |
||
| 245 | _aMaru la hawaiana / | ||
| 260 |
_aPerú : _bNavarrete. |
||
| 300 |
_bilustraciones, _c21 cm. |
||
| 440 |
_aColección Troquelados Kinito. _935256 |
||
| 650 |
_aAprendizaje _92143 |
||
| 650 |
_aLiteratura infantil _9588 |
||
| 650 |
_aTextos infantiles _933764 |
||
| 710 |
_aCorporación Gráfica Navarrete. _933296 |
||
| 942 |
_2ddc _cLIBROS |
||
| 945 |
_aachl _d2019-05-02 |
||